000 00448nam a2200181Ia 4500
005 20240823021944.0
008 240823s9999||||xx |||||||||||||| ||und||
020 _a0-07-463948-X
041 _aENGLISH
082 _A346.07 P5
100 _aTulsian P C
245 0 _aBusiness Law
250 _a1st
260 _c2005
_b"Tata McGraw-Hill Publishing Company Limited,New "
500 _aYES
650 _aLaw
_bManagement Studies
942 _cBK
999 _c178076
_d178076